Bilecik Bilecik Bilecik Bilecik Bilecik

Konjonktür dalgalanmaları ve ekonomik krizler perspektifinde dünya ekonomileri ve Türkiye : (Record no. 51624)

MARC details
000 -BAŞLIK
Sabit Uzunluktaki Kontrol Alanı 01347nam a22004097a 4500
001 - KONTROL NUMARASI
Control Dosyası 0051804
003 - KONTROL NUMARASI KİMLİĞİ
Kontrol Alanı KOHA_MİRAKIL
005 - EN SON İŞLEM TARİHİ ve ZAMANI
Kontrol Alanı 20260207003819.0
007 - FİZİKSEL TANIM SABİT ALAN - GENEL BİLGİ
Sabit uzunluklu kontrol alanı ta
008 - SABİT UZUNLUKTAKİ VERİ ÖGELERİ - GENEL BİLGİ
Sabit Alan 150629b2013 tu |||gr||||#||||0|tur |
020 ## - ISBN - ULUSLARARASI STANDART KİTAP NUMARASI
Isbn 9786051336879
040 ## - KATALOGLAMA KAYNAĞI
Özgün Kataloglama Kurumu TR-BiSEU
Kataloglama Dili tur
Çeviri Kurumu TR-BiSEU
Açıklama Kuralları rda
041 0# - DİL KODU
Metin ya da ses kaydının dil kodu tur
044 ## - YAYINLAYAN/ÜRETEN KURULUŞUN ÜLKE KODU
ISO country code tu
050 ## - SINIFLAMA ve YER NUMARASI
Sınıflama Numarası HB3711
Yer Numarası .K33 2013
100 1# - KİŞİ ADI
Yazar Adı (Kişi adı) Kabadayı, Burhan.
245 1# - ESER ADI BİLDİRİMİ
Başlık Konjonktür dalgalanmaları ve ekonomik krizler perspektifinde dünya ekonomileri ve Türkiye :
Alt Eseradı vb. uygulama ve analiz/
Sorumluluk Bildirimi Burhan Kabadayı ; Burhan Kabadayı.
264 #1 - ÜRERİM, YAYIN, DAĞITIM ve TELİF BİLDİRİMİ
Yayın yeri Ankara :
Yayınlayan Nobel Akademik Yayıncılık
Yayın tarihi 2013
300 ## - FİZİKSEL TANIMLAMA
Sayfa, Cilt vb. XIII, 151 sayfa ;
Boyutları 24 cm.
336 ## - İÇERİK TÜRÜ
Content type term metin
Content type code txt
Source rdacontent
337 ## - MEDYA TÜRÜ
Media type term aracısız
Media type code n
Source rdamedia
338 ## - TAŞIYICI TÜRÜ
Carrier type term cilt
Carrier type code nc
Source rdacarrier
490 1# - DİZİ BİLDİRİMİ
Dizi Bildirimi Nobel Akademik Yayıncılık ;
Cilt Numarası Yayın No.
490 1# - DİZİ BİLDİRİMİ
Dizi Bildirimi 785.
490 1# - DİZİ BİLDİRİMİ
Dizi Bildirimi İktisat-Ekonomi ;
Cilt Numarası 151.
500 ## - GENEL NOT
Genel Not Kaynakça var.
650 #0 - KONU BAŞLIĞI EK GİRİŞ - KONU TERİMİ
Konusal terim veya coğrafi ad Konjonktür dalgaları.
9 (RLIN) 6161
650 #0 - KONU BAŞLIĞI EK GİRİŞ - KONU TERİMİ
Konusal terim veya coğrafi ad Ekonomik kriz.
9 (RLIN) 82162
650 #0 - KONU BAŞLIĞI EK GİRİŞ - KONU TERİMİ
Konusal terim veya coğrafi ad Dünya ekonomisi.
9 (RLIN) 96537
650 #0 - KONU BAŞLIĞI EK GİRİŞ - KONU TERİMİ
Konusal terim veya coğrafi ad Business cycles.
9 (RLIN) 6157
650 #0 - KONU BAŞLIĞI EK GİRİŞ - KONU TERİMİ
Konusal terim veya coğrafi ad The economic crisis.
9 (RLIN) 96538
650 #0 - KONU BAŞLIĞI EK GİRİŞ - KONU TERİMİ
Konusal terim veya coğrafi ad The world economy.
9 (RLIN) 96539
830 1# - SERİ EK GİRİŞİ - TEKBİÇİM ESER ADI
Tekbiçim Başlık Nobel Akademik Yayıncılık ;
Volume number/sequential designation Yayın No.
9 (RLIN) 96064
830 1# - SERİ EK GİRİŞİ - TEKBİÇİM ESER ADI
Tekbiçim Başlık 785.
9 (RLIN) 96540
830 1# - SERİ EK GİRİŞİ - TEKBİÇİM ESER ADI
Tekbiçim Başlık İktisat-Ekonomi ;
Volume number/sequential designation 151.
9 (RLIN) 96541
942 ## - EK GİRİŞ ÖGELERİ (KOHA)
Source of classification or shelving scheme Library of Congress Classification
Koha item type Book
Holdings
Materyal Türü Kalıcı Konum Mevcut Konum Raf Yeri Sınıflandırma Kaynağı Edinim Bilgisi Ana Konular Alt Konular Yer Numarası Demirbaş Numarası Fatura Tarihi Maliyet, Alış Fiyatı Maliyet, Yenileme Fiyatı Geri Çekilme Durumu Kayıp Durumu Hasarlı Durumu Kredi için değil Kayıt Tarih Toplam Ödünçverme Son Görülme Tarihi Son Kontrol Tarihi Satın Alma Notu
Book Prof. Dr. Azmi Özcan Kütüphanesi Prof. Dr. Azmi Özcan Kütüphanesi Uluğbey Salonu Library of Congress Classification Satın SOSYAL BİLİMLER Ekonomi Teorisi, Demografi HB3711 .K33 2013 0051804 07/07/2015 9.31 9.31         29/06/2015   05/12/2024 05/12/2024 B-984687 - B-984797